000 00692cam a2200217 a 4500
001 000008625
005 20200929161356.0
008 981016s1998 ck 001 f spa
020 _a9588052068
040 _aDO-SdBNP
_cDLC
082 _aC863.44
_bP153e, 1998.
100 1 _aPalacios, Arnoldo,
_d1924-
_923060
245 1 4 _aLas estrellas son negras :
_bnovela /
_cArnoldo Palacios.
250 _a2a ed.
260 _aColombia :
_bMinisterio de Cultura,
_cc1998.
300 _axxxiv, 193 p. ;
_c21 cm.
500 _aHomenaje nacionales de literatura, 1998.
650 4 _aNovela colombiana
_91243
650 4 _aLiteratura colombiana
_ySIGLO XX
_914409
910 _aCatalogación por copia / LC
999 _c8395
_d8395